Państwa z największą liczbą użytkowników internetu A-Z - Statystyki

Ogólne statystyki
  • Ten quiz został rozwiązany 220 razy
  • Średni wynik to 15 z 24
Statystyki odpowiedzi
- Państwo % Poprawnych
C Chiny
93%
S Stany Zjednoczone
92%
R Rosja
86%
B Brazylia
84%
J Japonia
80%
O Oman
80%
I Indie
79%
A Argentyna
74%
Ł Łotwa
73%
V Vanuatu
67%
F Filipiny
66%
W Wielka Brytania
64%
H Hiszpania
63%
M Meksyk
60%
P Pakistan
60%
U Ukraina
58%
K Korea Południowa
52%
Z Zjednoczone Emiraty Arabskie
52%
E Egipt
49%
N Nigeria
49%
T Tajlandia
40%
D Dominikana
31%
L Liban
29%
G Ghana
26%
Nie znaleziono quizów pasujących do podanych kryteriów
Rozkład punktacji
Procent ludzi z każdym wynikiem
Percentyl według liczby udzielonych odpowiedzi
Twoja historia wyników
Nie rozwiązałeś tego quizu